| 000 | 00791nam a22001695i 4500 | ||
|---|---|---|---|
| 001 | 155629 | ||
| 003 | ES-MaACL | ||
| 005 | 20230906210141.0 | ||
| 008 | 940202s1852 fr |||| | fre d | ||
| 040 |
_aCAM _bspa |
||
| 100 | 1 |
_aHubbard, Gustave. _9128059 |
|
| 245 | 1 | 0 |
_aDe l'organisation des sociétés de prévoyance _b: ou, de secours mutuels, et des bases scientifiques sur lesquelles elles doivent être établies ; avec une table de maladie et une table de mortalité dressées sur des documents spéciaux / _cpublié sous la direction du Comité pour la propagation des sociétés de prévoyance, par m. G. Hubbard. |
| 260 |
_aParis : _bGuillaumin et Cie., _c1852. |
||
| 300 |
_aLXXIX, 240 p. ; _c22 cm. |
||
| 650 | 4 |
_aSeguros. _9136860 |
|
| 852 |
_aES-MaACL _jC-3472 _z-- Enc. hol. |
||
| 999 |
_c155629 _d155629 |
||